00496nam a2200181Ia 450000500170000000800410001702000130005804000190007104100120009008200160010224500770011825000170019526000290021230000160024165000250025770000220028285000100030420231101092325.0131103s9999 xx 000 0 und d a91075300 aLoreto College aEnglish a780.3bCOO  4aThe Concise Encyclopedia of Music and MusicianscEdited by Martin Cooper a2nd ed.,rev. aLondonbHutchinsonc1971 axix,481 p.  aMusic - Dictionaries aCooper,Martin,ed. aLCLIB